000 00961nam a2200241 a 4500
001 000010849
005 20240302073952.0
008 091012s2005 dr 000 0 spa d
020 _a9993479519
040 _aDO-SdBNP
082 _aRD861.44
_bR789cr
100 1 _aRosario Candelier, Bruno,
_d1941-
_9851
245 1 3 _aLa creación cosmopoética :
_bel sentido cósmico y el sentido estético en las letras universales /
_cBruno Rosario Candelier.
246 1 4 _aLa creación cosmopoética :
_bel sentido cósmico y el sentido estético en la creación poética /
260 _aSanto Domingo :
_bAcademia Dominicana de la Lengua,
_c2005.
300 _a556 p. ;
_c23 cm.
490 1 _aA la zaga de tu huella
_v3
500 _aIncluye notas al pie de página
500 _aIncluye datos biográficos del autor en la contracubierta
650 4 _aPoesía dominicana
_xHistoria y crítica
_913072
830 0 _aA la zaga de tu huella
_n3
_926174
049 _aBNPD
999 _c10598
_d10598